[Event "Titled Tuesday intern op 4th Febr"]
[Site "Chess.com INT"]
[Date "2020.02.04"]
[Round "6"]
[White "Cadena Montoya, Gustavo Adolfo"]
[Black "Demidov, Mikhail"]
[Result "0-1"]
[WhiteElo "2157"]
[BlackElo "2514"]
[PlyCount "66"]
[EventDate "2020.02.04"]
[EventType "swiss (blitz)"]
[EventRounds "10"]
[EventCountry "USA"]
[SourceTitle "EXT 2021"]
[Source "ChessBase"]
[SourceDate "2020.10.23"]
[SourceVersion "1"]
[SourceVersionDate "2020.10.23"]
[SourceQuality "1"]

1. d4 d5 2. Nf3 Nf6 3. Bf4 c5 4. Bxb8 Rxb8 5. Nc3 e6 6. e3 Bd6 7. Be2 0-0 8. 0-0 Bd7 9. Bb5 Bc8 10. Be2 a6 11. dxc5 Bxc5 12. Na4 Bd6 13. Bd3 e5 14. Nd2 e4 15. Be2 Be5 16. c3 Qc7 17. f4 exf3 18. Nxf3 b5 19. Nc5 Qxc5 20. Kh1 Re8 21. Qd2 Bc7 22. Nd4 Qd6 23. g3 Ne4 24. Qc2 Qh6 25. Kg1 Qxe3+ 26. Kh1 Qh6 27. Kg1 Bb6 28. Bf3 Bh3 29. Rfe1 b4 30. Qa4 bxc3 31. bxc3 Qd2 32. Kh1 Qxc3 33. Nc2 Qxf3# 0-1

[Event "Titled Tuesday intern op 4th Febr"]
[Site "Chess.com INT"]
[Date "2020.02.04"]
[Round "4"]
[White "Hadzovic, Amir"]
[Black "Cadena Montoya, Gustavo Adolfo"]
[Result "0-1"]
[WhiteElo "2257"]
[BlackElo "2157"]
[PlyCount "58"]
[EventDate "2020.02.04"]
[EventType "swiss (blitz)"]
[EventRounds "10"]
[EventCountry "USA"]
[SourceTitle "EXT 2021"]
[Source "ChessBase"]
[SourceDate "2020.10.23"]
[SourceVersion "1"]
[SourceVersionDate "2020.10.23"]
[SourceQuality "1"]

1. e4 c5 2. Nc3 e6 3. g3 g6 4. Bg2 Bg7 5. d3 Nc6 6. h4 h5 7. Nge2 Nge7 8. 0-0 0-0 9. Nf4 Nd4 10. Nce2 Nec6 11. c3 Nxe2+ 12. Qxe2 d6 13. Be3 Bd7 14. Bh3 e5 15. Bxd7 exf4 16. Bxc6 fxe3 17. Bxb7 exf2+ 18. Rxf2 Rb8 19. Bd5 Be5 20. Kg2 Kg7 21. Raf1 f6 22. Qe3 Qb6 23. Rd1 f5 24. exf5 Qd8 25. Rdf1 Rxf5 26. Rxf5 gxf5 27. Rxf5 Rxb2+ 28. Kh3 Kg6 29. Qf3 Qxh4+ 0-1

[Event "Titled Tuesday intern op 4th Febr"]
[Site "Chess.com INT"]
[Date "2020.02.04"]
[Round "3"]
[White "Navalgund, Niranjan"]
[Black "Cadena Montoya, Gustavo Adolfo"]
[Result "1-0"]
[WhiteElo "2289"]
[BlackElo "2157"]
[PlyCount "141"]
[EventDate "2020.02.04"]
[EventType "swiss (blitz)"]
[EventRounds "10"]
[EventCountry "USA"]
[SourceTitle "EXT 2021"]
[Source "ChessBase"]
[SourceDate "2020.10.23"]
[SourceVersion "1"]
[SourceVersionDate "2020.10.23"]
[SourceQuality "1"]

1. Nf3 d5 2. d4 Nf6 3. c4 e6 4. g3 Bb4+ 5. Nbd2 0-0 6. Bg2 c6 7. 0-0 Nbd7 8. Qc2 b6 9. e4 dxe4 10. Nxe4 Nxe4 11. Qxe4 Bb7 12. Bf4 Nf6 13. Qe2 Rc8 14. Rfd1 Re8 15. Ne5 Bd6 16. c5 Bxe5 17. dxe5 Nd5 18. Rac1 bxc5 19. Rxc5 Qb6 20. Rcc1 Nxf4 21. gxf4 c5 22. Rd6 Qc7 23. Rcd1 Bxg2 24. Kxg2 Rf8 25. Rd7 Qc6+ 26. Qf3 Qb6 27. Rb7 Qa5 28. Rdd7 c4 29. Rxa7 Qc5 30. Qh5 g6 31. Qf3 Kg7 32. Re7 Rb8 33. Rab7 Qa5 34. Rxf7+ Rxf7 35. Rxb8 Qxa2 36. Qc6 c3 37. Qxc3 Qd5+ 38. Kg3 Qh1 39. Qf3 Qg1+ 40. Qg2 Qc1 41. Rb4 h5 42. h4 Rd7 43. Rb7 Rxb7 44. Qxb7+ Kh6 45. Qa8 Qg1+ 46. Qg2 Qc1 47. b3 Qb1 48. Qb7 Qg1+ 49. Qg2 Qb1 50. Qa8 Qg1+ 51. Kh3 Qf1+ 52. Qg2 Qd3+ 53. Qg3 Qf1+ 54. Kh2 Kh7 55. b4 Qe2 56. Qe3 Qb2 57. Qa7+ Kh6 58. Qe3 Qb1 59. f5+ Kg7 60. f6+ Kg8 61. Qd4 g5 62. Qd8+ Kh7 63. Qe7+ Kg6 64. Qg7+ Kf5 65. Qxg5+ Ke4 66. Qg6+ Kd4 67. Qxb1 Kc3 68. f7 Kd2 69. f8Q Ke2 70. Qe4+ Kf1 71. Qc2 1-0